000 00911nam a2200229Ia 4500
001 9521
003 GE_BSU
008 181216s||||||||xx |||||||||||||| ||und||
040 _cGE_BSU
080 _a821.353.1–11
100 _aმარგიანი,რევაზ
245 _aთოვაში შეხვედრა გაზაფხულთან
245 _bლირიკული პოემა
245 _cრედ.დილარ ივარდავა.მხატვ:დინარა ნოდია.თენგიზ სამსონიძე
260 _aთბილისი
260 _bსაბჭოთა საქართველო
260 _c1976
300 _a133გვ;ილ:14სმ
653 _aთოვაში შეხვედრა გაზაფხულთან
653 _aლირიკული პოემა
942 _cBK
999 _c42815
_d42815